On This Day: March 1st II Quiz Stats

 Plays Quiz Updated Mar 1, 2018

Score 0/7 Timer 03:00
0 Plays Today
Question Answer Wrong Answers
______ becomes the 37th US state. The city of Lancaster is renamed Lincoln, and becomes the state capital.
1867
Nebraska
91.6%
North Dakota
3.8%
Iowa
2.3%
Kansas
2.3%
United States President John F. Kennedy establishes this volunteer program, whose work is generally related to social and economic development worldwide.
1961
Peace Corps
87.4%
AmeriCorps
5.8%
Teach For America
2.4%
Greenpeace
3.2%
Management of the United States Customs Service and the United States Secret Service move to the United States Department of ______.
2003
Homeland Security
86.4%
Defense
4.4%
Justice
5.1%
Health and Human Services
1.9%
This American actor, director, and producer, who first came to prominence playing young Opie Taylor on the sitcom ‘The Andy Griffith Show’, is born.
1954
Ron Howard
85.2%
Brian Grazer
2.5%
Don Knotts
4.4%
Tom Hanks
7.1%
This film becomes the first to gross over $1 billion worldwide.
1998
Titanic
82%
Jurassic Park
11%
The Matrix
2%
Saving Private Ryan
3%
This nation, whose capital is Sarajevo, declares its independence from Socialist Federal Republic of Yugoslavia.
1992
Bosnia and Herzegovina
71.7%
Croatia
16.7%
Slovenia
8.1%
Albania
1.6%
Venera 3 Soviet space probe crashes on this planet, becoming the first spacecraft to land on another planet's surface.
1966
Venus
30.1%
Mars
60.3%
Mercury
6.1%
Saturn
1.9%

You're not logged in!

Compare scores with friends on all Sporcle quizzes.
OR
Log In

Sporcle TV

Today on Sporcle TV


Watch our educational content, quiz creation guides, and fun videos on Sporcle TV.

Show Comments

Extras

Top Quizzes Today


Score Distribution

Your Account Isn't Verified!

In order to create a playlist on Sporcle, you need to verify the email address you used during registration. Go to your Sporcle Settings to finish the process.

Report this User

Report this user for behavior that violates our Community Guidelines.

Details: